[Event "AUTO-OPEN-1040"]
[Site "http://www.queenalice.com/game.php?id=445082"]
[Date "2008.8.7"]
[Round "2"]
[White "VictorJara"]
[Black "wesoon77"]
[Result "1-0"]
[WhiteElo "2225"]
[BlackElo "2115"]

1. d4 Nf6 2. c4 e6 3. Nc3 Bb4 4. Qc2 O-O 5. a3 Bxc3+ 6. Qxc3 b6 7. Bg5 Bb7 8. e3
d6 9. Ne2 Nbd7 10. Qd3 c5 11. Nc3 a6 12. Be2 h6 13. h4 Qc7 14. Bxf6 Nxf6 15. d5
exd5 16. cxd5 Rfe8 17. g4 Re5 18. f4 Rxd5 19. Nxd5 Bxd5 20. Rg1 Bc6 21. g5 hxg5
22. hxg5 Ne4 23. Bf3 Re8 24. g6 f6 25. Qc2 b5 26. Qh2 1-0

[Event "QA-ANNIV-04"]
[Site "http://www.queenalice.com/game.php?id=445775"]
[Date "2008.8.8"]
[Round "2"]
[White "VictorJara"]
[Black "ekup"]
[Result "1-0"]
[WhiteElo "2247"]
[BlackElo "2034"]

1. d4 d5 2. c4 e6 3. Nc3 Nc6 4. Nf3 a6 5. g3 h6 6. Bg2 dxc4 7. O-O Nf6 8. Qa4 b5
9. Nxb5 Bb7 10. Ne5 axb5 11. Qxb5 Rb8 12. Nxc6 Bxc6 13. Bxc6+ Ke7 14. b3 Rxb5
15. Ba3+ Qd6 16. Bxd6+ Kxd6 17. Bxb5 cxb3 18. axb3 Nd5 19. Ra6+ Ke7 20. e4 Nc3
21. Bd3 Kd7 22. Ra8 f5 23. exf5 exf5 24. Re1 Ne4 25. Bxe4 fxe4 26. Rxe4 g5 27.
Ree8 1-0

[Event "AUTO-MASTER-526"]
[Site "http://www.queenalice.com/game.php?id=466761"]
[Date "2008.9.22"]
[Round "2"]
[White "xyz"]
[Black "VictorJara"]
[Result "1-0"]
[WhiteElo "2213"]
[BlackElo "2235"]

1. e4 e6 2. d4 d5 3. Nc3 Bb4 4. e5 c5 5. a3 Ba5 6. b4 cxb4 7. Nb5 Nc6 8. axb4
Bxb4+ 9. c3 Be7 10. Ba3 Nh6 11. Bxe7 Qxe7 12. Nd6+ Kf8 13. Bb5 f6 14. Bxc6 bxc6
15. Qa4 Bd7 16. Nf3 Nf7 17. Qb4 Nxd6 18. exd6 Qd8 19. Qc5 a5 20. O-O Kf7 21.
Rfb1 Re8 22. Rb7 Kg8 23. h4 h6 24. h5 Kh7 25. Nh4 e5 26. Ng6 exd4 27. cxd4 Re4
28. f3 Re2 29. Qa3 f5 30. Qd3 Re8 31. Rab1 Be6 32. Rc7 1-0

[Event "AUTO-MASTER-526"]
[Site "http://www.queenalice.com/game.php?id=466762"]
[Date "2008.9.22"]
[Round "2"]
[White "VictorJara"]
[Black "xyz"]
[Result "0-1"]
[WhiteElo "2222"]
[BlackElo "2226"]

1. d4 Nf6 2. c4 e6 3. Nc3 Bb4 4. Qc2 O-O 5. a3 Bxc3+ 6. Qxc3 b6 7. Bg5 Bb7 8. e3
d6 9. Ne2 Nbd7 10. Qd3 h6 11. Bh4 Qe7 12. Nc3 c5 13. Rd1 Rfd8 14. d5 Ne5 15. Qc2
exd5 16. Bxf6 Qxf6 17. Nxd5 Bxd5 18. Rxd5 a6 19. Be2 Rab8 20. O-O b5 21. cxb5
axb5 22. Rfd1 b4 23. a4 b3 24. Qd2 Rb4 25. Rxc5 Rxa4 26. Rc3 Qe6 27. Rdc1 g5 28.
f4 gxf4 29. exf4 Ng6 30. g3 d5 0-1

[Event "AUTO-MASTER-526"]
[Site "http://www.queenalice.com/game.php?id=466769"]
[Date "2008.9.22"]
[Round "2"]
[White "VictorJara"]
[Black "daf88"]
[Result "1-0"]
[WhiteElo "2275"]
[BlackElo "2005"]

1. d4 Nf6 2. c4 e6 3. Nc3 Bb4 4. Qc2 c5 5. dxc5 Qa5 6. Bd2 Qxc5 7. e3 O-O 8. a3
Bxc3 9. Bxc3 Nc6 10. Bxf6 gxf6 11. Nf3 d5 12. b4 Qd6 13. cxd5 exd5 14. Bd3 h6
15. Rc1 Ne5 16. Nd4 Nxd3+ 17. Qxd3 Bd7 18. O-O Rac8 19. Rfd1 a6 20. h3 Qe5 21.
Nf3 Qb2 22. Rxc8 Rxc8 23. Qxd5 Bc6 24. Qf5 Re8 25. Rd4 Bxf3 26. Qxf3 Qc1+ 27.
Kh2 b5 28. Qxf6 Qxa3 29. Rg4+ Kf8 30. Qxh6+ Ke7 31. Re4+ Kd7 32. Rd4+ Kc7 33.
Qd6+ 1-0

[Event "AUTO-MASTER-526"]
[Site "http://www.queenalice.com/game.php?id=466770"]
[Date "2008.9.22"]
[Round "2"]
[White "daf88"]
[Black "VictorJara"]
[Result "0-1"]
[WhiteElo "2043"]
[BlackElo "2281"]

1. e4 e6 2. d4 d5 3. Nc3 Bb4 4. e5 c5 5. a3 Ba5 6. dxc5 Bxc3+ 7. bxc3 Ne7 8. f4
Qa5 9. Bd3 Qxc3+ 10. Bd2 Qxc5 11. Nf3 Nbc6 12. Qe2 O-O 13. Qf2 Qxf2+ 14. Kxf2 b6
15. g4 Bb7 16. Rae1 Rac8 17. f5 d4 18. Rhf1 Nd5 19. Kg3 Rfe8 20. Bb5 Nc7 21.
Bxc6 Bxc6 22. Nxd4 Nb5 23. Nxc6 Rxc6 24. a4 Nd4 25. c3 Nb3 26. Rf2 Nc5 27. f6
Nd3 28. Ra1 Nxf2 29. Kxf2 Rd8 30. Ke2 Rd5 31. Bf4 Rc4 32. Bg3 Rxg4 33. Ra2 Re4+
34. Kf3 Rc4 35. fxg7 Rxc3+ 36. Kg2 Kxg7 37. Rb2 Rc4 0-1

[Event "QA-ANNIV-04"]
[Site "http://www.queenalice.com/game.php?id=479379"]
[Date "2008.10.18"]
[Round "3"]
[White "VictorJara"]
[Black "enzoiazo"]
[Result "1/2-1/2"]
[WhiteElo "2286"]
[BlackElo "2281"]

1. d4 Nf6 2. c4 c5 3. d5 e6 4. Nc3 exd5 5. cxd5 d6 6. e4 g6 7. Bd3 Bg7 8. Nge2
O-O 9. O-O a6 10. a4 Nbd7 11. f4 Qc7 12. Ng3 Re8 13. Qf3 c4 14. Bc2 Nc5 15. Kh1
Bg4 16. Qf2 Bd7 17. h3 Rac8 18. e5 dxe5 19. fxe5 Qxe5 20. Bf4 Qe7 21. Rae1 Qf8
22. Rd1 h6 23. Bxh6 Bxh6 24. Qxf6 Bg7 25. Qb6 Re3 26. Nge4 Bxc3 27. Nxc3 Qh6 28.
Qd6 Bg4 29. Rde1 Rxe1 30. Rxe1 Qd2 31. Qg3 Bxh3 32. Re2 1/2-1/2

[Event "AUTO-ELITE-243"]
[Site "http://www.queenalice.com/game.php?id=491457"]
[Date "2008.11.10"]
[Round "1"]
[White "Chuzete"]
[Black "VictorJara"]
[Result "1-0"]
[WhiteElo "2234"]
[BlackElo "2273"]

1. e4 e6 2. d4 d5 3. Nc3 Bb4 4. e5 c5 5. a3 Ba5 6. b4 cxd4 7. Qg4 Ne7 8. bxa5
dxc3 9. Qxg7 Rg8 10. Qxh7 Nbc6 11. Nf3 Qc7 12. Bb5 Bd7 13. O-O Nxe5 14. Nxe5
Qxe5 15. Bxd7+ 1-0

[Event "AUTO-ELITE-243"]
[Site "http://www.queenalice.com/game.php?id=491458"]
[Date "2008.11.10"]
[Round "1"]
[White "VictorJara"]
[Black "Chuzete"]
[Result "0-1"]
[WhiteElo "2260"]
[BlackElo "2247"]

1. d4 Nf6 2. c4 g6 3. Nc3 Bg7 4. e4 O-O 5. Nf3 d6 6. Be2 e5 7. O-O Nc6 8. d5 Ne7
9. b4 a5 10. Ba3 axb4 11. Bxb4 Nd7 12. a4 Bh6 13. a5 f5 14. Bd3 Nf6 15. c5 fxe4
0-1

[Event "AUTO-ELITE-243"]
[Site "http://www.queenalice.com/game.php?id=491461"]
[Date "2008.11.10"]
[Round "1"]
[White "KlingonWarrior"]
[Black "VictorJara"]
[Result "1-0"]
[WhiteElo "2259"]
[BlackElo "2286"]

1. e4 e6 2. d4 d5 3. Nc3 Bb4 4. e5 c5 5. a3 Ba5 6. b4 cxd4 7. Nb5 Bc7 8. f4 Bd7
9. Nf3 Bxb5 10. Bxb5+ Nc6 11. O-O Ne7 12. Bd3 Nf5 13. Bxf5 exf5 14. Kh1 Qd7 15.
Bb2 O-O 16. Nxd4 a6 17. Qh5 Nxd4 18. Bxd4 Rac8 19. Rf3 Qe6 20. Rg1 Bb8 21. g4
Qg6 22. Qh3 fxg4 23. Rxg4 Qe4 24. c3 1-0

[Event "AUTO-ELITE-243"]
[Site "http://www.queenalice.com/game.php?id=491462"]
[Date "2008.11.10"]
[Round "1"]
[White "VictorJara"]
[Black "KlingonWarrior"]
[Result "1/2-1/2"]
[WhiteElo "2273"]
[BlackElo "2289"]

1. d4 Nf6 2. c4 e6 3. Nc3 Bb4 4. Qc2 c5 5. dxc5 O-O 6. a3 Bxc5 7. Nf3 b6 8. Bf4
Bb7 9. Rd1 Nc6 10. b4 Be7 11. e4 Qe8 12. e5 Nh5 13. Bc1 f6 14. Bd3 g6 15. Bh6
Ng7 16. Be4 f5 17. Bxc6 Bxc6 18. Nb5 Bxb5 19. cxb5 Rc8 20. Qd2 Rc7 21. O-O Qf7
22. Ng5 Bxg5 23. Bxg5 f4 24. Rc1 Rxc1 25. Rxc1 Qf5 26. Bh6 g5 27. Qxd7 Qg6 28.
Bxg7 Rf7 29. Qd6 Kxg7 30. f3 g4 31. Kh1 gxf3 32. gxf3 Kh6 33. Qd4 Qf5 34. Re1
Rg7 35. a4 Kh5 36. Qd2 1/2-1/2

[Event "AUTO-ELITE-284"]
[Site "http://www.queenalice.com/game.php?id=531927"]
[Date "2009.1.30"]
[Round "1"]
[White "Tibe2003"]
[Black "VictorJara"]
[Result "1-0"]
[WhiteElo "2111"]
[BlackElo "2251"]

1. d4 d5 2. c4 e6 3. Nc3 c5 4. cxd5 exd5 5. Nf3 Nc6 6. g3 Nf6 7. Bg2 Be7 8. O-O
O-O 9. Bg5 cxd4 10. Nxd4 h6 11. Be3 Re8 12. Qa4 Bd7 13. Qb3 Na5 14. Qc2 Rc8 15.
Qd3 Nc4 16. Nxd5 Nxb2 17. Nxf6+ Bxf6 18. Qb3 Nc4 19. Rad1 1-0

[Event "AUTO-ELITE-284"]
[Site "http://www.queenalice.com/game.php?id=531928"]
[Date "2009.1.30"]
[Round "1"]
[White "VictorJara"]
[Black "Tibe2003"]
[Result "0-1"]
[WhiteElo "2268"]
[BlackElo "2092"]

1. d4 Nf6 2. c4 e6 3. Nc3 Bb4 4. Qc2 O-O 5. a3 Bxc3+ 6. Qxc3 b6 7. Nf3 Bb7 8. e3
d6 9. Be2 Nbd7 10. O-O c5 11. b4 d5 12. dxc5 bxc5 13. Bb2 cxb4 14. axb4 dxc4 15.
Qxc4 Qc8 16. Qd4 Rd8 17. Rxa7 Rxa7 18. Qxa7 Qa8 19. Ra1 Qxa7 0-1

[Event "AUTO-ELITE-284"]
[Site "http://www.queenalice.com/game.php?id=531935"]
[Date "2009.1.30"]
[Round "1"]
[White "VictorJara"]
[Black "pumamercedino"]
[Result "0-1"]
[WhiteElo "2210"]
[BlackElo "2397"]

1. d4 Nf6 2. c4 e6 3. Nc3 Bb4 4. Qc2 d5 5. a3 Bxc3+ 6. Qxc3 c5 7. dxc5 d4 8. Qg3
Nc6 9. Nf3 O-O 10. Bh6 Ne8 11. O-O-O f6 12. Bd2 e5 13. e3 d3 14. Bc3 e4 15. Nd2
f5 16. f3 Qe7 17. Qf4 Nf6 18. g4 exf3 19. gxf5 Qxc5 20. Bxd3 Nh5 21. Qg5 Rxf5
22. Bxf5 Qxf5 23. Nxf3 h6 24. Qxf5 Bxf5 25. Nd4 Bg4 26. Rdg1 Ne5 27. b3 Re8 28.
h3 Bd7 29. Kc2 Nf6 30. Re1 Ne4 31. h4 a6 32. a4 Ng4 33. Ba5 g5 34. hxg5 hxg5 0-1

[Event "AUTO-ELITE-284"]
[Site "http://www.queenalice.com/game.php?id=531936"]
[Date "2009.1.30"]
[Round "1"]
[White "pumamercedino"]
[Black "VictorJara"]
[Result "1-0"]
[WhiteElo "2371"]
[BlackElo "2277"]

1. d4 d5 2. c4 e6 3. Nc3 c5 4. cxd5 exd5 5. Nf3 Nc6 6. g3 Nf6 7. Bg2 Be7 8. O-O
O-O 9. Bg5 cxd4 10. Nxd4 h6 11. Be3 Re8 12. Rc1 Bg4 13. h3 Be6 14. Kh2 Qd7 15.
Qc2 Rac8 16. a3 Bf8 17. Rfd1 a6 18. Qa4 Qd6 19. Nxe6 fxe6 20. Bf4 Qe7 21. e4
dxe4 22. Nxe4 Nxe4 23. Bxe4 e5 24. Qb3+ Kh8 25. Be3 Nd4 26. Qb6 Qf6 27. Rxc8
Rxc8 28. Qxb7 Rd8 29. b4 1-0